|
|
|
|
| LEADER |
00000ny a22000003n 4500 |
| 005 |
20110607123215.0 |
| 008 |
970410s1982 sp s 000 0 spa c |
| 017 |
|
|
|a D.L. M22343-1982
|
| 020 |
|
|
|a 8471303736
|
| 035 |
|
|
|a 726
|
| 040 |
|
|
|a UMA.CEE
|d vLex
|
| 040 |
|
|
|a UMA.RE
|d vLex
|
| 080 |
|
|
|a 347(460)
|
| 090 |
|
|
|c 529
|d 529
|
| 245 |
0 |
0 |
|a Comentarios al Cd̤igo Civil y compilaciones forales
|h [Recurso electrn̤ico]
|c dirigidos por Manuel Albaladejo
|
| 256 |
|
|
|a Servicio en ln̕ea
|
| 260 |
|
|
|a Madrid :
|b Revista de Derecho Privado :
|b Editoriales de Derecho Reunidas,
|c D.L. 1982
|
| 300 |
|
|
|a 548 p. ;
|c 21 cm
|
| 505 |
0 |
|
|t Tomo XXII, Vol.1, Artc̕ulos 1.740 a 1.808 del Cd̤igo civil /
|r comentados por Vicente Guilarte Zapatero, Pascual Marn̕ Přez, Juan Roca Juan
|
| 506 |
1 |
|
|a Contenido solo disponible en los productos indicados
|d vLex Global
|d vLex Global (Academic Edition, excluding Law Schools)
|d vLex Global (U.S. Academic Edition, Law Schools)
|d vLex Global (U.S. Academic Edition, excluding Law Schools)
|d vLex Global (Academic Edition, Law Schools)
|
| 650 |
0 |
7 |
|a Civil
|2 Tesauro vLex
|
| 650 |
0 |
7 |
|a Cd̤igo civil
|2 Tesauro vLex
|
| 650 |
0 |
7 |
|a Contratos
|2 Tesauro vLex
|
| 650 |
0 |
7 |
|a Contrato de deps̤ito
|2 Tesauro vLex
|
| 650 |
0 |
7 |
|a Contrato de prštamo
|2 Tesauro vLex
|
| 650 |
0 |
7 |
|a Prštamo
|2 Tesauro vLex
|
| 700 |
1 |
|
|a Albaladejo Garca̕, Manuel,
|e dir
|
| 700 |
1 |
|
|a Guilarte Zapatero, Vicente
|
| 700 |
1 |
|
|a Marn̕ Přez, Pascual
|
| 700 |
1 |
|
|a Roca Juan, Juan
|
| 740 |
0 |
|
|a vLex Libros (Servicios en ln̕ea)
|
| 856 |
4 |
0 |
|u http://vlex.com/source/726
|z Acceso restringido
|
| 942 |
|
|
|c BOOK
|